El despido por necesidades de la empresa en Chile.
Guardat en:
| Autor principal: | |
|---|---|
| Format: | Desconegut |
| Publicat: |
Santiago, Chile:
Thomson Reuters,
2022.
|
| Edició: | 1ª edición |
| Col·lecció: | Monografías
|
| Matèries: | |
| Etiquetes: |
Afegir etiqueta
Sense etiquetes, Sigues el primer a etiquetar aquest registre!
|
MARC
| LEADER | 00000 a2200000 4500 | ||
|---|---|---|---|
| 003 | CL-VaPUC | ||
| 005 | 20221020113908.0 | ||
| 008 | 220923t2022 ||||| |||| 00| 0 eng d | ||
| 999 | |c 438936 |d 438934 | ||
| 020 | |a 978-956-400-291-0 | ||
| 040 | |c Pontificia Universidad Católica de Valparaíso | ||
| 082 | 7 | |a 344.8301 DOM 2022 |2 22 | |
| 100 | |a Domínguez Montoya, Alvaro |9 862533 |e autor | ||
| 245 | |a El despido por necesidades de la empresa en Chile. | ||
| 250 | |a 1ª edición | ||
| 260 | |a Santiago, Chile: |b Thomson Reuters, |c 2022. | ||
| 300 | |a 123 páginas. | ||
| 490 | |a Monografías | ||
| 583 | |k Catalogador Asistente |c 20220923 | ||
| 650 | |a Código del trabajo |x Artículo 161 inciso 1º |z Chile |9 877448 | ||
| 650 | |a Despido |x Necesidades de la empresa |z Chile |9 877449 | ||
| 942 | |2 ddc |c BK | ||
| 952 | |0 0 |1 0 |2 ddc |4 0 |6 344_830100000000000_DOM_2022 |7 0 |8 A |9 586831 |a BIBDER |b BIBDER |c GEN |d 2022-09-23 |e 31 |g 0.00 |i 5654800 |o 344.8301 DOM 2022 |p 5654800 |r 2023-01-25 |t 1 |v 0.00 |w 2022-09-23 |y BK |k DER | ||
| 952 | |0 0 |1 0 |2 ddc |4 0 |6 344_830100000000000_DOM_2022 |7 0 |8 A |9 591178 |a BIBDER |b BIBDER |c GEN |d 2023-08-08 |e 31 |g 0.00 |i 5658349 |o 344.8301 DOM 2022 |p 5658349 |r 2023-08-08 |t 2 |v 0.00 |w 2023-08-08 |y BK |k DER | ||